Psychológia v edukácii

Bibliographic Details
Main Authors: Kariková, Soňa, 1953- (Author), Oravcová, Jitka (Author)
Format: Book
Language:Slovak
PhysicalDescription:465 s. 21 cm
Published: Banská Bystrica Univerzita Mateja Bela, Pedagogická fakulta 2011
ISBN:9788055701233
Edition:1. vyd.
Subjects:

MARC

LEADER 00000nam a22000005a 4500
001 vtls010286461
003 SK-MaSNL
005 20260301131946.0
008 240318s2011 xo e p 000 0 slo
015 |a SNBA2011/09-05030 
020 |a 9788055701233  |q (brož.) 
035 |a 356C8992-FF7C-4EDD-BAF1-D67628B7E206 
035 |a urn:nbn:sk:snk-amji4e 
035 |a urn:nbn:sk:snk-am002gp4 
040 |a SNK  |b slo  |c SNK  |e AACR2 
041 0 |a slo 
044 |a xo  |c SK 
072 7 |a 37  |x Výchova a vzdelávanie  |2 konspekt 
080 |a 37.015.3  |2 2001 
080 |a 37.0  |2 2001 
080 |a (075.8)  |2 2001 
100 1 |a Kariková, Soňa,  |d 1953-  |4 aut  |9 252041 
245 1 0 |a Psychológia v edukácii  |c Soňa Kariková, Jitka Oravcová 
250 |a 1. vyd. 
260 |a Banská Bystrica  |b Univerzita Mateja Bela, Pedagogická fakulta  |c 2011 
300 |a 465 s.  |c 21 cm 
366 |e 200 výt. 
504 |a Bibliogr. s. 447-465 
650 0 7 |a pedagogická psychológia  |2 SNKPH  |9 58135 
650 0 7 |a Educational psychology  |2 SNKPeng  |9 286543 
650 0 7 |a výchova a vzdelávanie  |2 SNKPH  |9 1684 
650 0 7 |a Education  |2 SNKPHeng  |9 265320 
655 7 |a učebnice vysokých škôl  |2 SNKKPH  |9 70191 
655 7 |a Textbooks (higher)  |2 SNKPHeng  |9 276436 
700 1 |a Oravcová, Jitka  |4 aut  |9 10412 
919 |a 978-80-557-0123-3 
958 |a OND 
968 |d 37 
999 |c 749646  |d 751576 
952 |a SNK  |b SNK  |y PREZ  |7 0  |p 17A0704786  |o snkSC 145836  |i snk2011/13809  |8 0  |0 0  |1 0  |4 0  |d 2011-06-16  |l 0  |r 2025-07-15 00:00:00  |w 2026-02-23 
952 |a SNK  |b SNKPULT  |y VYP  |7 0  |p 17A0704787  |o snkSC 145836 D1  |i snk2011/13811  |8 0  |3 .  |0 0  |1 0  |4 0  |d 2011-06-16  |l 1  |m 1  |q 2026-06-25  |r 2026-04-29 12:40:58  |s 2026-04-29  |w 2026-02-23